000 00525nam a22001097a 4500
008 110624t xxu||||| |||| 00| 0 eng d
010 _aHCAACF133
245 _aHigh Court Administration Cause No. 3 OF 1977 In The Matte of The Estate of The Late Rwabulikire Vs In the Matter of An Application For Letters of Administration By Yokana Rwabuhihi
260 _c1977
500 _aBefore: The Honourable Mr. Justice F.K. Butagira
999 _c3985
_d3985